00614nam a2200205Ia 4500003000900000008004100009040001600050080001600066100002900082245005400111260004100165300001400206650001300220650002200233650001500255650002700270942000700297999001300304952009100317IN-BaIIA211028s9999 xx 000 0 eng d cIIA Library a523.34bSTO aStockwell, John N.91380 0aTheory of the moon's motioncJohn N. Stockwell  aPhiladelphiabJ. B. Lippincottc1875 axvi, 44p. aArchives aLunar theory9694 aMoon91324 aPlanetary systems9965 cBK c637d637 00104070aBANbBANcGENd0000-00-00l0o523.34/ STOp658r2021-11-05w0000-00-00yBK